Cartilla Declaracin̤ de Renta

Detalles Bibliográficos
Autor principal: Chavarro Cadena, Jorge Enrique
Formato: eBook
Lenguaje:español
Materias:
Acceso en línea:Acceso restringido

MARC

LEADER 00000nam a22000007a 4500
005 20130708190112.0
007 cr|||| |||
008 130708s2013 co |||||s|||| 00||0 spa d
020 |a 978-958-8802-01-5 
035 |a 11366 
040 |a vLex 
090 |c 4391  |d 4391 
100 1 |a Chavarro Cadena, Jorge Enrique 
245 1 0 |a Cartilla Declaracin̤ de Renta  |h [Recurso electrn̤ico] /  |c Jorge Enrique Chavarro Cadena, Jaime Monclou Pedraza  
256 |a Servicio en ln̕ea 
300 |a 1 recurso electrn̤ico 
506 1 |a Contenido solo disponible en los productos indicados  |d vLex Global  |d vLex Global (Academic Edition, excluding Law Schools)  |d vLex Global (U.S. Academic Edition, Law Schools)  |d vLex Global (U.S. Academic Edition, excluding Law Schools)  |d vLex Global (Academic Edition, Law Schools) 
650 0 4 |a Declaracin̤ de impuestos  |z Colombia 
740 0 |a vLex Libros (Servicio en ln̕ea) 
856 4 0 |u http://vlex.com/source/cartilla-declaracion-renta-11366  |z Acceso restringido 
942 |c BOOK 
999 0 |a Taxation